LEADER 00866nam a2200169 i 4500 001 000000258092 003 CaOOAMICUS 005 20180412000000.0 008 180412s1803 xx u000 u fre u 013 $a237000 040 $aSeMil$bita 245 10$aTome 15. 300 $a[4], 325, [1] p. 773 0 $aLamarck, Jean-Baptiste de Monet : de <1744-1829>$tHistoire naturelle des végétaux classés par familles, Avec la citation de la classe et de l'ordre de Linné, et l'indication de l'usage que l'on peut faire des plantes dans les arts, le commerce, .. Par J.B. Lamarck, ... et par B. Mirbel, ..$dA Paris : Chez Deterville, rue du Battoir, n. 16 : De l'Imprimerie de Crapelet, An XI. 1803.$g15$w()10888 850 $aSeMil 852 $aSeMil$W1$xVenegono$y1$m3W I 173 FA$j208438$B208438$CSeMilBibl$Z2$F222080 $8I 996 $6245$aTome 15$9(OLS)http://semarc/title/305910 LEADER 01575nam a2200337 i 4500 001 000000246122 003 CaOOAMICUS 005 20151026000000.0 008 151026s2015 it u000 u ita u 013 $a225027 020 $a978-88-16-41322-1 040 $aSeMil$bita 100 1 $aGalbiati, Enrico Rodolfo,$c.$0(OLS)http://semarc/name/5351 245 13$aLa parola predicata :$bomelie da archimandrita e interventi vari /$cR. Enrico Galbiati ; a cura di Anna Passoni Dell'Acqua, Enrico M. Salati ; prefazione di Gianantonio Borgonovo. 260 $aMilano :$bJaca Book,$c2015. 300 $aXIV, 240 p. ;$c23 cm. 490 0 $aFigure ;$v1 650 4$aEcumenismo - Sec. 20. - Testi.$0(OLS)http://semarc/subject/217 650 4$aChiesa bizantina.$0(OLS)http://semarc/subject/9549 650 4$aOriente greco-bizantino.$0(OLS)http://semarc/subject/37767 700 1 $aBorgonovo, Gianantonio,$d<1955- >.$0(OLS)http://semarc/name/2594 700 1 $aPassoni Dell'Acqua, Anna.$0(OLS)http://semarc/name/20298 830 0$aFigure ;$v1.$0(OLS)http://semarc/title/44301 850 $aSeMil 852 $aSeMil$W1$xVenegono$y1$m3G V 260$j196468$B196468$CSeMilBibl$Z2$F207415 $81 900 1 $aGalbiati, Enrico. 961 $aOmaggio: Braccini Annamaria 996 $6020$a978-88-16-41322-1$9(OLS)http://semarc/number/254934 996 $6245$aLa parola predicata :$bomelie da archimandrita e interventi vari$9(OLS)http://semarc/title/347828 996 $6260$aMilano :$bJaca Book$9(OLS)http://semarc/publisher/29781